[Event "St Petersburg Korchnoi Memorial op"]
[Site "St Petersburg"]
[Date "2023.08.23"]
[Round "8"]
[White "Zadorozhy, Egor"]
[Black "Satanovskaia, Evgeniia"]
[Result "0-1"]
[WhiteElo "1516"]
[BlackElo "1890"]
[PlyCount "120"]
[EventDate "2023.08.18"]
[EventType "swiss"]
[EventRounds "9"]
[EventCountry "RUS"]
[SourceTitle "EXT 2024"]
[Source "ChessBase"]
[SourceDate "2023.10.10"]
[SourceVersion "1"]
[SourceVersionDate "2023.10.10"]
[SourceQuality "1"]

1. e4 e5 2. Nf3 Nc6 3. Bc4 Bc5 4. c3 Nf6 5. d4 exd4 6. e5 d5 7. Bb5 Ne4 8. cxd4 Bb6 9. Nc3 0-0 10. 0-0 Bg4 11. h3 Bxf3 12. gxf3 Ng5 13. f4 Ne6 14. Bxc6 bxc6 15. Ne2 Qh4 16. Kh2 f6 17. Be3 fxe5 18. fxe5 Rf3 19. Ng1 Rf7 20. Ne2 Raf8 21. f4 Ng5 22. Ng1 Rxf4 23. Bxf4 Rxf4 24. Rxf4 Qxf4+ 25. Kg2 Bxd4 26. Qg4 Qf2+ 27. Kh1 Bxe5 28. Qc8+ Kf7 29. Qd7+ Kf6 30. Qd8+ Ke6 31. Qe8+ Kd6 32. Qd8+ Kc5 33. Qe7+ Bd6 34. Rc1+ Kb6 35. Qe2 Qxe2 36. Nxe2 c5 37. Kg2 Be5 38. Nc3 Kc6 39. h4 Ne6 40. Kf3 d4 41. Ne4 Kd5 42. b3 h6 43. Rc2 g5 44. hxg5 Nxg5+ 45. Nxg5 hxg5 46. Rc4 g4+ 47. Kxg4 Ke4 48. Rc1 d3 49. Re1+ Kd4 50. Kf3 d2 51. Rh1 Kd3 52. Kf2 Bd4+ 53. Kf3 Bf6 54. Rg1 Bh4 55. Rd1 Be1 56. Rb1 c4 57. bxc4 c5 58. a4 a5 59. Rd1 Kxc4 60. Ke2 Kc3 0-1

[Event "St Petersburg Korchnoi Memorial op"]
[Site "St Petersburg"]
[Date "2023.08.21"]
[Round "5"]
[White "Gordienko, German"]
[Black "Zadorozhy, Egor"]
[Result "0-1"]
[WhiteElo "2000"]
[BlackElo "1516"]
[PlyCount "47"]
[EventDate "2023.08.18"]
[EventType "swiss"]
[EventRounds "9"]
[EventCountry "RUS"]
[SourceTitle "EXT 2024"]
[Source "ChessBase"]
[SourceDate "2023.10.10"]
[SourceVersion "1"]
[SourceVersionDate "2023.10.10"]
[SourceQuality "1"]

1. Nf3 Nf6 2. b3 b6 3. Bb2 Bb7 4. e3 e6 5. d4 d5 6. Bd3 Bd6 7. 0-0 0-0 8. c4 c5 9. Nc3 Nc6 10. cxd5 exd5 11. dxc5 bxc5 12. Rc1 Nb4 13. Be2 Rc8 14. a3 Na6 15. Nb5 Bb8 16. Bd3 Ne4 17. Qe2 Nc7 18. Rfd1 f5 19. b4 Ne6 20. bxc5 Qe7 21. c6 Bxc6 22. Nbd4 Ba4 23. Bc2 Bxc2 24. Rxc2 0-1

[Event "St Petersburg Korchnoi Memorial op"]
[Site "St Petersburg"]
[Date "2023.08.21"]
[Round "6"]
[White "Zadorozhy, Egor"]
[Black "Kumargaliev, Marsel"]
[Result "1/2-1/2"]
[WhiteElo "1516"]
[BlackElo "2085"]
[PlyCount "65"]
[EventDate "2023.08.18"]
[EventType "swiss"]
[EventRounds "9"]
[EventCountry "RUS"]
[SourceTitle "EXT 2024"]
[Source "ChessBase"]
[SourceDate "2023.10.10"]
[SourceVersion "1"]
[SourceVersionDate "2023.10.10"]
[SourceQuality "1"]

1. e4 e5 2. Nf3 Nc6 3. Bc4 Bc5 4. c3 Nf6 5. d4 exd4 6. e5 d5 7. Bb5 Ne4 8. cxd4 Bb6 9. Nc3 Bg4 10. h3 Bh5 11. 0-0 0-0 12. Bxc6 bxc6 13. Ne2 c5 14. Nf4 Bxf3 15. gxf3 Ng5 16. dxc5 Bxc5 17. Nxd5 Nxh3+ 18. Kg2 Nxf2 19. Rxf2 Bxf2 20. Kxf2 Qh4+ 21. Kg2 Rfd8 22. Be3 c6 23. Qc2 cxd5 24. Rh1 Rac8 25. Qd3 Qc4 26. Qxh7+ Kf8 27. Qh8+ Ke7 28. Bg5+ Kd7 29. Qh3+ Ke8 30. Qh8+ Kd7 31. Qh3+ Ke8 32. Qh8+ Kd7 33. Qh3+ 1/2-1/2

[Event "Chigorin Memorial 29th"]
[Site "St Petersburg"]
[Date "2022.10.24"]
[Round "3"]
[White "Belyaeva, Natalya"]
[Black "Zadorozhy, Egor"]
[Result "0-1"]
[WhiteElo "1369"]
[BlackElo "1633"]
[PlyCount "104"]
[EventDate "2022.10.22"]
[EventType "swiss"]
[EventRounds "9"]
[EventCountry "RUS"]
[SourceTitle "EXT 2024"]
[Source "ChessBase"]
[SourceDate "2023.10.10"]
[SourceVersion "1"]
[SourceVersionDate "2023.10.10"]
[SourceQuality "1"]

1. d4 Nf6 2. Bf4 g6 3. Nc3 Bg7 4. e4 d6 5. Qd2 h5 6. 0-0-0 Nc6 7. Nf3 Bg4 8. Be2 a6 9. h3 Bxf3 10. Bxf3 0-0 11. Bh6 e5 12. dxe5 Nxe5 13. Be2 b5 14. g4 b4 15. Nd5 Nxe4 16. Qe3 Nf6 17. gxh5 Nxd5 18. Rxd5 Qf6 19. Bxg7 Kxg7 20. hxg6 fxg6 21. Ra5 Rae8 22. Qg3 Qxf2 23. Qxf2 Rxf2 24. Bxa6 Ra8 25. Ra4 c5 26. Bb5 Rxa4 27. Bxa4 Kf6 28. Bb5 d5 29. Rf1 Rxf1+ 30. Bxf1 Kg5 31. a4 bxa3 32. bxa3 Kh4 33. a4 Nc6 34. Bb5 Na5 35. Bd7 Nc4 36. Be6 Na5 37. Kd2 g5 38. Kd3 Kg3 39. Ke2 d4 40. Kd3 Kf4 41. c3 dxc3 42. Kxc3 Ke5 43. Bg4 Kd6 44. Bd1 Ke5 45. Kd3 Kd5 46. Ke3 c4 47. Kf3 Ke5 48. Kg4 Kf6 49. Bc2 Nc6 50. Bb1 c3 51. Bh7 Ne5+ 52. Kg3 Ng6 0-1

[Event "Chigorin Memorial 29th"]
[Site "St Petersburg"]
[Date "2022.10.23"]
[Round "2"]
[White "Zadorozhy, Egor"]
[Black "Gitelson, Arkady"]
[Result "0-1"]
[WhiteElo "1633"]
[BlackElo "2189"]
[PlyCount "74"]
[EventDate "2022.10.22"]
[EventType "swiss"]
[EventRounds "9"]
[EventCountry "RUS"]
[SourceTitle "EXT 2024"]
[Source "ChessBase"]
[SourceDate "2023.10.10"]
[SourceVersion "1"]
[SourceVersionDate "2023.10.10"]
[SourceQuality "1"]

1. d4 e6 2. Nf3 f5 3. Bg5 Nf6 4. e3 Be7 5. Bxf6 Bxf6 6. Bd3 Nc6 7. c3 0-0 8. 0-0 d5 9. Nbd2 e5 10. dxe5 Nxe5 11. Nxe5 Bxe5 12. Nf3 Bd6 13. c4 dxc4 14. Bxc4+ Kh8 15. Nd4 Qf6 16. f4 Bd7 17. Qb3 Rae8 18. Rae1 a6 19. a4 Bc8 20. Kh1 Re7 21. Re2 Rfe8 22. Rfe1 h6 23. Nf3 g5 24. fxg5 hxg5 25. Qc3 Kg7 26. Qxf6+ Kxf6 27. Nd4 Rh8 28. g4 fxg4 29. Rf1+ Kg7 30. Nf5+ Bxf5 31. Rxf5 g3 32. Rxg5+ Kf6 33. Rg4 Rxh2+ 34. Rxh2 gxh2 35. e4 Rd7 36. Rg2 Bf4 37. Rf2 Ke5 0-1

[Event "Moscow City Team-ch"]
[Site "Moscow"]
[Date "2021.09.16"]
[Round "6"]
[White "Arkhipov, Alexander"]
[Black "Zadorozhy, Egor"]
[Result "1-0"]
[WhiteElo "1613"]
[BlackElo "1641"]
[PlyCount "79"]
[EventDate "2021.09.11"]
[EventType "team-swiss"]
[EventRounds "7"]
[EventCountry "RUS"]
[SourceTitle "EXT 2022"]
[Source "ChessBase"]
[SourceDate "2021.10.06"]
[SourceVersion "1"]
[SourceVersionDate "2021.10.06"]
[SourceQuality "1"]

1. d4 Nf6 2. Nf3 g6 3. Bf4 Bg7 4. e3 0-0 5. h3 d6 6. Be2 c5 7. c4 b6 8. Nc3 Bb7 9. d5 Nbd7 10. 0-0 a6 11. a4 Qc7 12. Rc1 Rad8 13. e4 Ne5 14. Nd2 e6 15. Bg5 h6 16. Bxf6 Bxf6 17. f4 Nd7 18. Bd3 exd5 19. exd5 Bd4+ 20. Kh1 f5 21. Qc2 Nf6 22. Rce1 Rde8 23. Nf3 Nh5 24. Nxd4 Ng3+ 25. Kg1 cxd4 26. Rxe8 Rxe8 27. Rf3 Nh5 28. Ne2 Re3 29. Rxe3 dxe3 30. g4 fxg4 31. hxg4 Nf6 32. g5 hxg5 33. fxg5 Nh7 34. Bxg6 Nxg5 35. Qf5 Qe7 36. Kf1 Kg7 37. Nf4 e2+ 38. Nxe2 Bc8 39. Qxc8 Qf6+ 40. Bf5 1-0

[Event "Moscow City Team-ch"]
[Site "Moscow"]
[Date "2021.09.13"]
[Round "3"]
[White "Zadorozhy, Egor"]
[Black "Usov, Dmitry E"]
[Result "0-1"]
[WhiteElo "1641"]
[BlackElo "1828"]
[PlyCount "104"]
[EventDate "2021.09.11"]
[EventType "team-swiss"]
[EventRounds "7"]
[EventCountry "RUS"]
[SourceTitle "EXT 2022"]
[Source "ChessBase"]
[SourceDate "2021.10.06"]
[SourceVersion "1"]
[SourceVersionDate "2021.10.06"]
[SourceQuality "1"]

1. d4 d5 2. Bg5 Nf6 3. Bxf6 exf6 4. e3 c6 5. Nf3 Bd6 6. c4 Bb4+ 7. Nc3 0-0 8. Be2 Be6 9. Qb3 Qe7 10. 0-0 dxc4 11. Bxc4 Bg4 12. Nd2 Bd6 13. Nde4 Bc7 14. a4 Nd7 15. Ng3 Nb6 16. a5 Nxc4 17. Qxc4 Bd7 18. Rfd1 Rfd8 19. e4 Rac8 20. Qb3 Bd6 21. Nce2 b5 22. Qe3 c5 23. d5 Be5 24. Rab1 Bd6 25. Kh1 b4 26. f4 g6 27. Ng1 c4 28. Rbc1 Ba4 29. Re1 c3 30. bxc3 bxc3 31. N1e2 c2 32. Ra1 Rc4 33. Nc3 Bb4 34. Nge2 Bb3 35. Rf1 Rdc8 36. d6 Qxd6 37. Nd5 Ba3 38. Qxb3 c1Q 39. Nxc1 Rxc1 40. Raxc1 Rxc1 41. Rxc1 Bxc1 42. g3 Qa6 43. Qd1 Bb2 44. Qe1 Qd3 45. Kg2 Kg7 46. Kh3 f5 47. Qb4 Qf1+ 48. Kh4 Qg2 49. h3 Qe2 50. g4 Qf2+ 51. Kg5 Bf6+ 52. Nxf6 h6# 0-1

[Event "Moscow op-A 17th"]
[Site "Moscow"]
[Date "2021.02.24"]
[Round "5"]
[White "Akhmedov, David"]
[Black "Zadorozhy, Egor"]
[Result "1-0"]
[WhiteElo "1866"]
[BlackElo "1156"]
[PlyCount "103"]
[EventDate "2021.02.20"]
[EventType "swiss"]
[EventRounds "9"]
[EventCountry "RUS"]
[SourceTitle "CBM 200 Extra"]
[Source "ChessBase"]
[SourceDate "2021.03.31"]
[SourceVersion "1"]
[SourceVersionDate "2021.03.31"]
[SourceQuality "1"]

1. e4 c5 2. Nf3 Nc6 3. g3 g6 4. Bg2 Bg7 5. 0-0 d6 6. c3 e5 7. a3 a5 8. a4 Nge7 9. d3 0-0 10. Na3 h6 11. Nb5 f5 12. Nd2 Be6 13. Nc4 d5 14. Ncd6 Rb8 15. exd5 Bxd5 16. Be3 Bxg2 17. Kxg2 b6 18. Qb3+ Kh7 19. f3 f4 20. Bf2 Nf5 21. Nxf5 Rxf5 22. g4 Rf8 23. Rad1 Qd7 24. Rfe1 Rfd8 25. Qc2 Qf7 26. Re4 Rd7 27. Na3 Na7 28. Nc4 Rd5 29. Qb3 Qb7 30. h3 Nc8 31. d4 exd4 32. cxd4 cxd4 33. Rxf4 Rd7 34. Bxd4 Qd5 35. Qc3 Qe6 36. Re1 Qg8 37. Bxg7 Qxg7 38. Qxg7+ Rxg7 39. Re8 Rc7 40. Nd6 Nxd6 41. Rxb8 Rc2+ 42. Kg3 g5 43. Rd4 Nf7 44. Rxb6 h5 45. gxh5 Rc5 46. Rd7 Rf5 47. Rbb7 Kg8 48. h6 g4 49. hxg4 Rf6 50. h7+ Kg7 51. Rxf7+ Kh8 52. Rb8# 1-0